El Grupo Andino en la encrucijada.
Výsledky a význam 20 ročnej spolupráce regionálneho integračného zoskupenia Andská skupina (Bolívia, Kolumbia, Ekvádor, Peru a Venezuela) pre ekonomický rozvoj tohto regiónu. Zóna voľného obchodu. Colná únia. Vzťahy s ostatnými integračnými zoskupeniami v LA. Perspektívy.
Salvato in:
| Autore principale: | |
|---|---|
| Natura: | Capitolo di libro |
| Lingua: | spagnolo |
| Soggetti: | |
| Tags: |
Nessun Tag, puoi essere il primo ad aggiungerne!!
|
MARC
| LEADER | 00000naa a2200000 4500 | ||
|---|---|---|---|
| 001 | r012660 | ||
| 005 | 20221130112550.3 | ||
| 041 | 0 | |a spa | |
| 044 | |a MX | ||
| 245 | 1 | 0 | |a El Grupo Andino en la encrucijada. |c A. Loyola Campos |
| 520 | |a Výsledky a význam 20 ročnej spolupráce regionálneho integračného zoskupenia Andská skupina (Bolívia, Kolumbia, Ekvádor, Peru a Venezuela) pre ekonomický rozvoj tohto regiónu. Zóna voľného obchodu. Colná únia. Vzťahy s ostatnými integračnými zoskupeniami v LA. Perspektívy. | ||
| 610 | 2 | 0 | |a Andský pakt |
| 610 | 2 | 0 | |a zoskupenia integračné medzinárodné |
| 610 | 2 | 0 | |a rozvoj hospodársky |
| 610 | 2 | 0 | |a oblasti obchodu voľného |
| 610 | 2 | 0 | |a únie colné |
| 610 | 2 | 0 | |a Bolívia |
| 610 | 2 | 0 | |a Kolumbia |
| 610 | 2 | 0 | |a Ekvádor |
| 610 | 2 | 0 | |a Peru |
| 610 | 2 | 0 | |a Venezuela |
| 100 | 1 | |a Loyola Campos, A. | |